000 00940nam a2200229 a 4500
001 54872
003 BD-RjUL
005 20211209080159.0
008 161112s2000 ii ||||| |||| 00| 0 ben d
020 _c: IRs 30.00
035 _a(BD-RjUL)54994
040 _aBD-RjUL
_bben
_cBD-RjUL
041 _aben
082 _223
_a338.954
_bADS 2000
100 _aপ্রকাশ অধিকারী
_9163568
245 1 0 _aস্বল্পোন্নত সার্ক চতুষ্টয় :
_bবাংলাদেশ ভুটান নেপাল মালদ্বীপ /
_cপ্রকাশ অধিকারী
260 _aকলকাতা :
_bবিশ্বজ্ঞান,
_c২০০০
300 _a৬৮ পৃ. ;
_c২১ সেমি.
650 _aEconomic Development
_zAsia
_9163569
650 _aঅর্থনৈতিক উন্নয়ন
_zএশিয়া
_9163570
942 _2ddc
_cBK
999 _c54872
_d54872